| 000 | 00609nam a2200217Ia 4500 | ||
|---|---|---|---|
| 001 | 1579 | ||
| 003 | GE_BSU | ||
| 008 | 181216s||||||||xx |||||||||||||| ||und|| | ||
| 040 | _cGE_BSU | ||
| 080 | _a656(075.8) | ||
| 100 | _aГромов,Н.Н. Панченко,Т.А. Чудновский,А.Д. | ||
| 245 | _aЕдиная транспортная система. | ||
| 245 | _bУчебник. | ||
| 260 | _aМ. | ||
| 260 | _bТранспорт. | ||
| 260 | _c1987. | ||
| 300 | _a304стр. 21см. | ||
| 541 | _h8л. | ||
| 653 | _aЕдиная транспортная система. | ||
| 942 | _cBK | ||
| 999 |
_c35706 _d35706 |
||